[Event "Quebec-ch U16"]
[Site "Montreal CAN"]
[Date "2009.11.29"]
[Round "5"]
[White "Sarrazin-Gendron, Roman"]
[Black "Nadeau, Emmanuel"]
[Result "1-0"]
[WhiteElo "1915"]
[BlackElo "1668"]
[PlyCount "79"]
[GameId "2160767910030204"]
[EventDate "2009.11.27"]
[EventType "swiss"]
[EventRounds "5"]
[EventCountry "CAN"]
[SourceTitle "EXT 2011"]
[Source "ChessBase"]
[SourceDate "2011.11.26"]
[SourceVersion "1"]
[SourceVersionDate "2011.11.26"]
[SourceQuality "1"]

1. Nf3 Nf6 2. c4 g6 3. Nc3 Bg7 4. e4 d6 5. d4 O-O 6. Be2 e5 7. O-O Bg4 8. d5 Ne8 9. b4 f5 10. Nd2 Bxe2 11. Qxe2 f4 12. c5 Na6 13. Ba3 Qc8 14. Rfc1 Nf6 15. Nb3 Nh5 16. f3 Rf6 17. cxd6 cxd6 18. Na4 Qd7 19. b5 Nc7 20. Nc3 Rc8 21. Na5 Na8 22. Nc4 Qc7 23. Na4 Qd8 24. Nxd6 Rxc1+ 25. Rxc1 Nb6 26. Nxb6 Qxb6+ 27. Bc5 Qd8 28. Nc4 b6 29. Ba3 Rf7 30. Qd2 Rd7 31. Bb2 Re7 32. d6 Re6 33. Qd5 Qd7 34. Nxe5 Qxd6 35. Rc8+ Bf8 36. Qxd6 Rxd6 37. Ba3 Rf6 38. Nd7 Rf7 39. Rxf8+ Rxf8 40. Bxf8 1-0

[Event "Quebec-ch classe"]
[Site "Trois-Rivieres CAN"]
[Date "2009.10.09"]
[Round "1"]
[White "Auger, Bertrand"]
[Black "Trinh, Tri Bao"]
[Result "1-0"]
[WhiteElo "1907"]
[BlackElo "2097"]
[PlyCount "61"]
[GameId "2160767910096504"]
[EventDate "2009.10.09"]
[EventType "swiss"]
[EventRounds "5"]
[EventCountry "CAN"]
[SourceTitle "EXT 2011"]
[Source "ChessBase"]
[SourceDate "2011.11.26"]
[SourceVersion "1"]
[SourceVersionDate "2011.11.26"]
[SourceQuality "1"]

1. c4 e6 2. d4 d5 3. Nc3 Nf6 4. e3 c6 5. Nf3 Nbd7 6. Bd3 Be7 7. O-O O-O 8. Ne5 dxc4 9. Nxc4 c5 10. Qc2 cxd4 11. exd4 Nb6 12. Nxb6 Qxb6 13. Be3 Qa5 14. Ne4 Nd5 15. Bd2 Qb6 16. Nc5 g6 17. a3 Bf6 18. Nb3 Bd7 19. Ba5 Qd6 20. Qc5 Qxc5 21. Nxc5 Bc6 22. Bc3 Nf4 23. Rfd1 Bxg2 24. Nd7 Bg5 25. Nxf8 Rxf8 26. b4 Bh4 27. Bd2 Nxd3 28. Kxg2 Nxf2 29. Rf1 Ne4 30. Bh6 Rd8 31. Rf4 1-0

[Event "Quebec-ch classe"]
[Site "Trois-Rivieres CAN"]
[Date "2009.10.09"]
[Round "1"]
[White "Forget, Luc"]
[Black "Bolduc, Steve"]
[Result "0-1"]
[WhiteElo "1992"]
[BlackElo "2238"]
[PlyCount "74"]
[GameId "2160767910096505"]
[EventDate "2009.10.09"]
[EventType "swiss"]
[EventRounds "5"]
[EventCountry "CAN"]
[SourceTitle "EXT 2011"]
[Source "ChessBase"]
[SourceDate "2011.11.26"]
[SourceVersion "1"]
[SourceVersionDate "2011.11.26"]
[SourceQuality "1"]

1. d4 Nf6 2. c4 e6 3. Nf3 b6 4. g3 Ba6 5. Qc2 Bb7 6. Bg2 c5 7. d5 exd5 8. cxd5 Bxd5 9. Nc3 Bc6 10. O-O Be7 11. e4 d6 12. Bf4 Nh5 13. Be3 Nd7 14. Rad1 Qc7 15. Rfe1 O-O 16. g4 Nhf6 17. h3 Rfe8 18. Bf4 Ne5 19. Bg3 b5 20. Nh4 b4 21. Nd5 Bxd5 22. exd5 Ng6 23. Nf5 Bf8 24. Ne3 h5 25. g5 h4 26. Bh2 Nh5 27. Rd4 Rac8 28. Rc4 Qd8 29. Qf5 Ne5 30. Rxh4 g6 31. Qc2 Qxg5 32. Rg4 Nxg4 33. hxg4 Nf4 34. Qa4 Bh6 35. Rd1 Rxe3 36. fxe3 Qxg4 37. Rd2 Nh3+ 0-1

[Event "Quebec-ch classe"]
[Site "Trois-Rivieres CAN"]
[Date "2009.10.09"]
[Round "1"]
[White "Larochelle, Martial"]
[Black "Trottier, Yves"]
[Result "1-0"]
[WhiteElo "2155"]
[BlackElo "1930"]
[PlyCount "77"]
[GameId "2160767910096506"]
[EventDate "2009.10.09"]
[EventType "swiss"]
[EventRounds "5"]
[EventCountry "CAN"]
[SourceTitle "EXT 2011"]
[Source "ChessBase"]
[SourceDate "2011.11.26"]
[SourceVersion "1"]
[SourceVersionDate "2011.11.26"]
[SourceQuality "1"]

1. d4 d5 2. Nf3 Bf5 3. c4 e6 4. Qb3 Nc6 5. Nc3 Nf6 6. Bg5 Be7 7. Bxf6 Bxf6 8. cxd5 exd5 9. Qxd5 Bg6 10. e3 Qe7 11. Bb5 O-O 12. Bxc6 bxc6 13. Qxc6 Rab8 14. Nd5 Qd8 15. Nxf6+ gxf6 16. O-O Rxb2 17. Rfc1 Qe7 18. Qxc7 Qxc7 19. Rxc7 Rfb8 20. Ne1 Rd2 21. Rxa7 Rbb2 22. f3 Bd3 23. Rc1 Bb1 24. a4 Re2 25. e4 Ba2 26. a5 Bc4 27. h3 h5 28. h4 Ra2 29. Rxc4 Rxe1+ 30. Kh2 Ree2 31. Kg3 Rxg2+ 32. Kf4 Ra3 33. Rc8+ Kg7 34. Rcc7 Rf2 35. Rxf7+ Kg8 36. Rg7+ Kh8 37. Rg3 Rh2 38. Kf5 Rxh4 39. Kg6 1-0

[Event "Quebec-ch classe"]
[Site "Trois-Rivieres CAN"]
[Date "2009.10.09"]
[Round "1"]
[White "Sauve, Richard"]
[Black "Tessier, Olivier"]
[Result "1/2-1/2"]
[WhiteElo "2027"]
[BlackElo "2257"]
[PlyCount "163"]
[GameId "2160767910096508"]
[EventDate "2009.10.09"]
[EventType "swiss"]
[EventRounds "5"]
[EventCountry "CAN"]
[SourceTitle "EXT 2011"]
[Source "ChessBase"]
[SourceDate "2011.11.26"]
[SourceVersion "1"]
[SourceVersionDate "2011.11.26"]
[SourceQuality "1"]

1. d4 Nf6 2. c4 c5 3. d5 b5 4. cxb5 a6 5. bxa6 g6 6. Nc3 Bxa6 7. e4 Bxf1 8. Kxf1 d6 9. g3 Bg7 10. Kg2 Nbd7 11. Nf3 O-O 12. Re1 Ng4 13. h3 Nge5 14. Nxe5 Nxe5 15. f4 Nc4 16. Qe2 Nb6 17. Be3 Na4 18. Qc2 Nxc3 19. bxc3 Ra3 20. Bd2 Qa5 21. e5 c4 22. Qe4 Rxa2 23. Rxa2 Qxa2 24. Re2 Rb8 25. Be1 Qb3 26. h4 h5 27. Qf3 Qb1 28. Qe4 Qb5 29. Bf2 dxe5 30. fxe5 Rd8 31. d6 exd6 32. exd6 Bxc3 33. Rc2 Be5 34. Qxc4 Qxc4 35. Rxc4 Rxd6 36. Rc2 Kg7 37. Ra2 Kf6 38. Kf3 Kf5 39. Rc2 Rd3+ 40. Kg2 Ke4 41. Re2+ Kd5 42. Ra2 Kc4 43. Ra7 f5 44. Ra2 Kd5 45. Re2 Ke6 46. Ra2 f4 47. gxf4 Bxf4 48. Ra5 Be5 49. Ra4 Rc3 50. Re4 Kf5 51. Ra4 Bf4 52. Ra6 Rd3 53. Rc6 Ra3 54. Rb6 Be3 55. Rb5+ Kg4 56. Bxe3 Rxe3 57. Rg5+ Kxh4 58. Rxg6 Re2+ 59. Kf1 Rb2 60. Rg2 Rb1+ 61. Kf2 Kh3 62. Rg3+ Kh2 63. Rg2+ Kh1 64. Rg3 Rb2+ 65. Kf1 Kh2 66. Rf3 Rb1+ 67. Kf2 h4 68. Ra3 h3 69. Rc3 Rb2+ 70. Kf1 Rb4 71. Rf3 Rb1+ 72. Kf2 Rb2+ 73. Kf1 Rg2 74. Ra3 Rg4 75. Rf3 Rg5 76. Kf2 Rg2+ 77. Kf1 Rg8 78. Kf2 Rg7 79. Kf1 Rg3 80. Rxg3 Kxg3 81. Kg1 h2+ 82. Kh1 1/2-1/2

[Event "Quebec-ch classe"]
[Site "Trois-Rivieres CAN"]
[Date "2009.10.09"]
[Round "1.1"]
[White "Libersan, Thierry"]
[Black "Arnaud, Rainfray"]
[Result "1/2-1/2"]
[WhiteElo "2084"]
[BlackElo "2391"]
[PlyCount "140"]
[GameId "2160767740616998"]
[EventDate "2009.10.09"]
[EventType "swiss"]
[EventRounds "5"]
[EventCountry "CAN"]
[TimeControl "6000"]

1. e4 e5 2. Nf3 Nc6 3. Bb5 a6 4. Ba4 Nf6 5. O-O b5 6. Bb3 Bc5 7. c3 d6 8. d4 Bb6 9. a4 Rb8 10. axb5 axb5 11. Na3 O-O 12. h3 exd4 13. cxd4 Na5 14. Bc2 b4 15. Nb1 d5 16. e5 Ne4 17. Nbd2 f5 18. exf6 Nxf6 19. Re1 Qd6 20. b3 Nc6 21. Bb2 Qf4 22. Nf1 Ne4 23. Bc1 Qf6 24. Bxe4 dxe4 25. Rxe4 Bf5 26. Rf4 g5 27. Rxf5 Qxf5 28. Ng3 Qd5 29. Be3 h6 30. Qc2 Rf6 31. Ne4 Re6 32. Nc5 Bxc5 33. dxc5 Rd8 34. Rc1 Re4 35. Nd2 Re6 36. Nc4 Qd3 37. Qb2 Nd4 38. Bxd4 Qxd4 39. Qb1 Qd3 40. Qa1 Qxb3 41. Ne3 Qa3 42. Qb1 Rf8 43. Rd1 Qa4 44. Rd4 Ra6 45. Qd3 Qa1+ 46. Kh2 Re6 47. Qc4 Qa6 48. Qb3 Kh8 49. Qb2 Qa3 50. Qb1 Qc3 51. Rd7 Qe5+ 52. Kg1 Re7 53. Rxe7 Qxe7 54. Qxb4 Qf6 55. Ng4 Qg7 56. Qe4 Rf4 57. Qe6 Kh7 58. g3 Rf8 59. Kg2 h5 60. Ne5 Qf6 61. Qd7+ Kh6 62. Qd4 Qe6 63. Qe3 Qd5+ 64. Kh2 Rf5 65. f4 gxf4 66. gxf4 Qa2+ 67. Kg3 Qg8+ 68. Kh2 Qf8 69. Qe4 Qf6 70. Kg3 Qf8 1/2-1/2

[Event "Quebec-ch classe"]
[Site "Trois-Rivieres CAN"]
[Date "2009.10.09"]
[Round "1.2"]
[White "Mai, Lloyd"]
[Black "Lalonde, Paul"]
[Result "1-0"]
[WhiteElo "2282"]
[BlackElo "2029"]
[PlyCount "49"]
[GameId "2160767740616999"]
[EventDate "2009.10.09"]
[EventType "swiss"]
[EventRounds "5"]
[EventCountry "CAN"]
[TimeControl "6000"]

1. e4 c5 2. Nf3 d6 3. d4 cxd4 4. Nxd4 Nf6 5. Nc3 a6 6. g3 e6 7. Bg2 Be7 8. O-O O-O 9. Be3 Qc7 10. f4 Nc6 11. Nxc6 bxc6 12. g4 d5 13. g5 Nxe4 14. Nxe4 dxe4 15. Bxe4 Bb7 16. Bxh7+ Kxh7 17. Qh5+ Kg8 18. Rf3 Bxg5 19. fxg5 g6 20. Qh6 Qe5 21. Rh3 Rfd8 22. Qh7+ Kf8 23. Rf1 Rd7 24. Rhf3 Qg7 25. Bc5+ 1-0

[Event "Quebec-ch classe"]
[Site "Trois-Rivieres CAN"]
[Date "2009.10.10"]
[Round "2"]
[White "Tessier, Olivier"]
[Black "Libersan, Thierry"]
[Result "0-1"]
[WhiteElo "2257"]
[BlackElo "2084"]
[PlyCount "70"]
[GameId "2160767740616995"]
[EventDate "2009.10.09"]
[EventType "swiss"]
[EventRounds "5"]
[EventCountry "CAN"]
[SourceTitle "EXT 2011"]
[Source "ChessBase"]
[SourceDate "2011.11.26"]
[SourceVersion "1"]
[SourceVersionDate "2011.11.26"]
[SourceQuality "1"]

1. d4 Nf6 2. c4 g6 3. Nc3 Bg7 4. g3 O-O 5. Bg2 d6 6. b3 Nbd7 7. Bb2 Rb8 8. e3 a6 9. a4 b6 10. Nge2 Bb7 11. Bxb7 Rxb7 12. d5 e5 13. dxe6 fxe6 14. Nf4 Qe7 15. Nd3 Nc5 16. b4 Nxd3+ 17. Qxd3 Rbb8 18. O-O Ng4 19. Qe2 Ne5 20. f4 Nd7 21. Rac1 a5 22. b5 Nc5 23. Ba3 Bxc3 24. Bxc5 dxc5 25. Rxc3 Rbd8 26. Rd1 Rxd1+ 27. Qxd1 Rd8 28. Rd3 Rd6 29. Kf2 Qd8 30. Ke2 Qa8 31. Kd2 Kf7 32. Kc2 Qe4 33. Kc3 Qxe3 34. Rxe3 Rxd1 35. Rd3 Rc1+ {incomplet} 0-1

[Event "Quebec-ch classe"]
[Site "Trois-Rivieres CAN"]
[Date "2009.10.10"]
[Round "2.1"]
[White "Bolduc, Steve"]
[Black "Mai, Lloyd"]
[Result "1/2-1/2"]
[WhiteElo "2238"]
[BlackElo "2282"]
[PlyCount "97"]
[GameId "2160767740617001"]
[EventDate "2009.10.09"]
[EventType "swiss"]
[EventRounds "5"]
[EventCountry "CAN"]

1. c4 g6 2. Nc3 Bg7 3. d4 d6 4. e4 Nf6 5. Nf3 O-O 6. Be2 e5 7. O-O Nc6 8. d5 Ne7 9. b4 Nh5 10. Re1 f5 11. Ng5 Nf6 12. Bf3 f4 13. c5 h6 14. Ne6 Bxe6 15. dxe6 Nc6 16. Nb5 Ne8 17. Bb2 a6 18. Na3 Qe7 19. Qb3 dxc5 20. bxc5 Qxc5 21. Rac1 Qb4 22. Qc2 Qe7 23. Qb3 Nd6 24. Nc4 Qxe6 25. Bg4 Qf7 26. Bd7 Nxc4 27. Bxc6 bxc6 28. Qxc4 Qxc4 29. Rxc4 Rab8 30. Bc3 Rb6 31. f3 Rd8 32. Kf2 Rd6 33. Ke2 Kf7 34. Rc1 Ke8 35. Ba5 Rb2+ 36. R4c2 Rxc2+ 37. Rxc2 Kd7 38. Bb4 Re6 39. Kd3 Bf6 40. Kc4 Be7 41. Rd2+ Bd6 42. Bc5 Re8 43. Rb2 Ra8 44. Bxd6 cxd6 45. Rb7+ Ke6 46. Rb6 c5 47. Rb7 Rg8 48. a4 h5 49. a5 {incomplet} 1/2-1/2

[Event "Quebec-ch classe"]
[Site "Trois-Rivieres CAN"]
[Date "2009.10.10"]
[Round "2.3"]
[White "Rainfray, Arnaud"]
[Black "Auger, Bertrand"]
[Result "1-0"]
[WhiteElo "2391"]
[BlackElo "1906"]
[PlyCount "39"]
[GameId "2160767910096509"]
[EventDate "2009.10.09"]
[EventType "swiss"]
[EventRounds "5"]
[EventCountry "CAN"]

1. Nf3 Nf6 2. c4 b6 3. g3 Bb7 4. Bg2 e6 5. O-O Be7 6. b3 c5 7. Bb2 O-O 8. Nc3 d6 9. d4 Ne4 10. Qc2 Nxc3 11. Bxc3 f5 12. Rfd1 Qc7 13. d5 exd5 14. cxd5 Nd7 15. Bh3 g6 16. e4 Ne5 17. Nxe5 dxe5 18. exf5 Bc8 19. d6 Bxd6 20. Qd2 1-0

[Event "Quebec-ch classe"]
[Site "Trois-Rivieres CAN"]
[Date "2009.10.10"]
[Round "3"]
[White "Auger, Bertrand"]
[Black "Larochelle, Martial"]
[Result "0-1"]
[WhiteElo "1906"]
[BlackElo "2155"]
[PlyCount "56"]
[GameId "2160767910096510"]
[EventDate "2009.10.09"]
[EventType "swiss"]
[EventRounds "5"]
[EventCountry "CAN"]
[SourceTitle "EXT 2011"]
[Source "ChessBase"]
[SourceDate "2011.11.26"]
[SourceVersion "1"]
[SourceVersionDate "2011.11.26"]
[SourceQuality "1"]

1. Nf3 d5 2. g3 Nc6 3. d4 Bg4 4. Bg2 e6 5. O-O Nf6 6. c4 Bd6 7. Nc3 O-O 8. cxd5 exd5 9. Nb5 Be7 10. Bf4 Ne8 11. Ne5 Nxe5 12. dxe5 c6 13. Nd4 Qd7 14. Rc1 Nc7 15. Qc2 c5 16. Rfd1 Rad8 17. h4 Ne6 18. Nf5 Nxf4 19. Nxe7+ Qxe7 20. gxf4 Qxh4 21. Rxd5 Bh3 22. Rcd1 Qg4 23. Qe4 Rxd5 24. Rxd5 Bxg2 25. Qxg2 Qxe2 26. Rxc5 Rd8 27. Qd5 Qg4+ 28. Qg2 Qe2 0-1

[Event "Quebec-ch classe"]
[Site "Trois-Rivieres CAN"]
[Date "2009.10.10"]
[Round "3"]
[White "Le Duin, Thierry"]
[Black "Forget, Luc"]
[Result "1-0"]
[WhiteElo "2029"]
[BlackElo "1992"]
[PlyCount "87"]
[GameId "2160767910096512"]
[EventDate "2009.10.09"]
[EventType "swiss"]
[EventRounds "5"]
[EventCountry "CAN"]
[SourceTitle "EXT 2011"]
[Source "ChessBase"]
[SourceDate "2011.11.26"]
[SourceVersion "1"]
[SourceVersionDate "2011.11.26"]
[SourceQuality "1"]

1. d4 Nf6 2. Nf3 b6 3. Bg5 h6 4. Bxf6 exf6 5. g3 d5 6. Bg2 Bd6 7. e3 O-O 8. O-O Bb7 9. a3 Re8 10. Nc3 c6 11. Re1 Nd7 12. Nd2 Nf8 13. b4 a6 14. Rb1 Rc8 15. Rb3 Bb8 16. a4 Rc7 17. Ne2 Rce7 18. Qb1 g5 19. c3 Ng6 20. b5 cxb5 21. axb5 a5 22. Qf5 Kg7 23. c4 dxc4 24. Nxc4 Bxg2 25. Kxg2 h5 26. Rc1 Re6 27. Nc3 Qc7 28. Na4 h4 29. Rbc3 hxg3 30. hxg3 Qd8 31. Ncxb6 Rxb6 32. Rc8 Ne7 33. Rxd8 Nxf5 34. Rxe8 Rxb5 35. Rcc8 Bd6 36. Nc3 Rb2 37. Ne4 Rb4 38. Rg8+ Kh6 39. Rh8+ Kg6 40. Rcg8+ Ng7 41. g4 f5 42. gxf5+ Kxf5 43. Ng3+ Kg4 44. Rxg7 1-0

[Event "Quebec-ch classe"]
[Site "Trois-Rivieres CAN"]
[Date "2009.10.10"]
[Round "3"]
[White "Mai, Lloyd"]
[Black "Libersan, Thierry"]
[Result "1-0"]
[WhiteElo "2282"]
[BlackElo "2084"]
[PlyCount "73"]
[GameId "2160767910096513"]
[EventDate "2009.10.09"]
[EventType "swiss"]
[EventRounds "5"]
[EventCountry "CAN"]
[SourceTitle "EXT 2011"]
[Source "ChessBase"]
[SourceDate "2011.11.26"]
[SourceVersion "1"]
[SourceVersionDate "2011.11.26"]
[SourceQuality "1"]

1. e4 c5 2. Nf3 d6 3. d4 cxd4 4. Nxd4 Nf6 5. Nc3 a6 6. g3 e5 7. Nde2 Be7 8. Bg2 Be6 9. O-O O-O 10. h3 Nbd7 11. a4 Rc8 12. Be3 Qa5 13. g4 Rfd8 14. Nd5 Bxd5 15. exd5 Re8 16. Nc3 Nc5 17. g5 Nfd7 18. Qg4 f5 19. Qxf5 Qb4 20. Ne4 g6 21. Qg4 Nxe4 22. c3 Qxb2 23. Rab1 Qa3 24. Qxd7 Nc5 25. Bxc5 Qxc5 26. Rxb7 Qxc3 27. Kh1 Kh8 28. Ra7 a5 29. Rb7 Qd2 30. Qe6 Qxg5 31. f4 exf4 32. Re1 f3 33. Bxf3 Rc1 34. Bd1 Qh4 35. Qe3 Qg5 36. Qe6 Rc3 37. Bg4 1-0

[Event "Quebec-ch classe"]
[Site "Trois-Rivieres CAN"]
[Date "2009.10.10"]
[Round "3"]
[White "Sauve, Richard"]
[Black "Rainfray, Arnaud"]
[Result "0-1"]
[WhiteElo "2027"]
[BlackElo "2391"]
[PlyCount "88"]
[GameId "2160767910096514"]
[EventDate "2009.10.09"]
[EventType "swiss"]
[EventRounds "5"]
[EventCountry "CAN"]
[SourceTitle "EXT 2011"]
[Source "ChessBase"]
[SourceDate "2011.11.26"]
[SourceVersion "1"]
[SourceVersionDate "2011.11.26"]
[SourceQuality "1"]

1. d4 d5 2. c4 e6 3. Nc3 Bb4 4. e3 c5 5. Nf3 Nf6 6. a3 Bxc3+ 7. bxc3 O-O 8. Bd3 dxc4 9. Bxc4 Qc7 10. Be2 b6 11. O-O Rd8 12. a4 Nc6 13. Qc2 Bb7 14. Ba3 Ne7 15. dxc5 Be4 16. cxb6 axb6 17. Qb3 Ng4 18. g3 Nf6 19. Rfd1 Rdc8 20. c4 Nc6 21. Bd6 Qb7 22. c5 Na5 23. Qb4 Bxf3 24. Bxf3 Qxf3 25. cxb6 Ne4 26. Rf1 Nc3 27. Rfe1 Rc4 28. Qb2 Nb7 29. a5 Ra6 30. Bb4 Ne4 31. Rac1 Rxc1 32. Rxc1 h5 33. Rc7 h4 34. Rxb7 h3 35. Rb8+ Kh7 36. Kf1 Nxg3+ 37. Ke1 Qh1+ 38. Kd2 Qxh2 39. Kd3 Ne4 40. Rb7 Qxf2 41. Qd4 Qf1+ 42. Kc2 Qg2+ 43. Kb3 h2 44. Rxf7 h1=Q 0-1

[Event "Quebec-ch classe"]
[Site "Trois-Rivieres CAN"]
[Date "2009.10.10"]
[Round "3"]
[White "Tessier, Olivier"]
[Black "Masse, Hugues"]
[Result "1/2-1/2"]
[WhiteElo "2257"]
[BlackElo "2238"]
[PlyCount "62"]
[GameId "2160767910096515"]
[EventDate "2009.10.09"]
[EventType "swiss"]
[EventRounds "5"]
[EventCountry "CAN"]
[SourceTitle "EXT 2011"]
[Source "ChessBase"]
[SourceDate "2011.11.26"]
[SourceVersion "1"]
[SourceVersionDate "2011.11.26"]
[SourceQuality "1"]

1. d4 Nf6 2. c4 g6 3. Nc3 Bg7 4. Nf3 O-O 5. e4 d6 6. Be2 e5 7. Be3 Ng4 8. Bg5 f6 9. Bh4 g5 10. Bg3 Nh6 11. dxe5 dxe5 12. Qd5+ Kh8 13. O-O-O Qe7 14. Qa5 c6 15. c5 Be6 16. Rd2 Nd7 17. Qc7 Rab8 18. Rhd1 Rfc8 19. Qd6 Qe8 20. Bc4 Bg4 21. b4 Bf8 22. Qd3 Rd8 23. h3 Be6 24. Qe2 Nf7 25. Nh2 a5 26. Bxe6 Qxe6 27. Qg4 Qc4 28. Qf3 Qe6 29. Qf5 Qc4 30. Qf3 Qe6 31. Qg4 Qc4 1/2-1/2

[Event "Quebec-ch classe"]
[Site "Trois-Rivieres CAN"]
[Date "2009.10.11"]
[Round "4"]
[White "Le Duin, Thierry"]
[Black "Tessier, Olivier"]
[Result "0-1"]
[WhiteElo "2029"]
[BlackElo "2257"]
[PlyCount "34"]
[GameId "2160767910096516"]
[EventDate "2009.10.09"]
[EventType "swiss"]
[EventRounds "5"]
[EventCountry "CAN"]
[SourceTitle "EXT 2011"]
[Source "ChessBase"]
[SourceDate "2011.11.26"]
[SourceVersion "1"]
[SourceVersionDate "2011.11.26"]
[SourceQuality "1"]

1. d4 Nf6 2. Nf3 c5 3. e3 b6 4. c3 Bb7 5. Bd3 g6 6. O-O Bg7 7. Nbd2 d5 8. Ne5 O-O 9. f4 Nbd7 10. Ndf3 Ne4 11. Nxd7 Qxd7 12. Ne5 Qc7 13. Bxe4 dxe4 14. b4 f6 15. Qb3+ c4 16. Qxc4+ Qxc4 17. Nxc4 Ba6 0-1

[Event "Quebec-ch classe"]
[Site "Trois-Rivieres CAN"]
[Date "2009.10.11"]
[Round "4"]
[White "Masse, Hugues"]
[Black "Auger, Bertrand"]
[Result "1-0"]
[WhiteElo "2238"]
[BlackElo "1907"]
[PlyCount "147"]
[GameId "2160767910096517"]
[EventDate "2009.10.09"]
[EventType "swiss"]
[EventRounds "5"]
[EventCountry "CAN"]
[SourceTitle "EXT 2011"]
[Source "ChessBase"]
[SourceDate "2011.11.26"]
[SourceVersion "1"]
[SourceVersionDate "2011.11.26"]
[SourceQuality "1"]

1. Nf3 Nf6 2. g3 b6 3. Bg2 Bb7 4. O-O e6 5. c4 c5 6. b3 Be7 7. Bb2 O-O 8. Nc3 Ne4 9. Nxe4 Bxe4 10. d4 Bf6 11. Qd2 cxd4 12. Bxd4 Nc6 13. Bxf6 Qxf6 14. Qxd7 Rfd8 15. Qc7 e5 16. Rad1 Rac8 17. Qb7 Rb8 18. Qa6 Rd6 19. Qa3 Rbd8 20. Qc1 Qe7 21. h3 h6 22. Rxd6 Qxd6 23. Qb2 f5 24. a3 a5 25. b4 axb4 26. axb4 Bxf3 27. Bxf3 e4 28. Bg2 Qxb4 29. Qxb4 Nxb4 30. Rb1 Nc2 31. Rxb6 Rd1+ 32. Bf1 e3 33. Rb2 Rc1 34. Rb3 Nd4 35. Rxe3 Rxc4 36. Rd3 Ne6 37. Bg2 Rc1+ 38. Kh2 Kf7 39. Bd5 Kf6 40. Bxe6 Kxe6 41. Kg2 Rc2 42. Kf3 Ra2 43. Rb3 Ra4 44. Rb6+ Kf7 45. e3 h5 46. Rd6 g6 47. Rd4 Ra2 48. Rb4 Rc2 49. Ra4 Rb2 50. Rf4 Ke6 51. g4 hxg4+ 52. hxg4 Ra2 53. g5 Ra1 54. Rh4 Rg1 55. Kf4 Rg2 56. f3 Kf7 57. Rh7+ Kg8 58. Rd7 Rg1 59. Ra7 Kh8 60. Ra5 Rf1 61. Ra2 Kg7 62. Ra7+ Kg8 63. Rb7 Kh8 64. Re7 Kg8 65. Ke5 Rxf3 66. Kf6 f4 67. e4 Ra3 68. Rg7+ Kh8 69. Rb7 Ra6+ 70. Kf7 Kh7 71. e5 f3 72. e6 f2 73. Rb1 Ra7+ 74. e7 1-0

[Event "Quebec-ch classe"]
[Site "Trois-Rivieres CAN"]
[Date "2009.10.11"]
[Round "4.2"]
[White "Larochelle, Martial"]
[Black "Mai, Lloyd"]
[Result "0-1"]
[WhiteElo "2155"]
[BlackElo "2282"]
[PlyCount "74"]
[GameId "2160767740617004"]
[EventDate "2009.10.09"]
[EventType "swiss"]
[EventRounds "5"]
[EventCountry "CAN"]
[TimeControl "6000"]

1. d4 Nf6 2. c4 g6 3. Nc3 Bg7 4. e4 d6 5. Nf3 O-O 6. Be2 e5 7. d5 Na6 8. Bg5 h6 9. Bh4 g5 10. Bg3 Nh5 11. h4 Nxg3 12. fxg3 g4 13. Nd2 h5 14. O-O Qe7 15. Bd3 Nc5 16. Bc2 a5 17. Qe2 Bd7 18. Kh2 Bh6 19. Rf2 Bf4 20. Rxf4 exf4 21. gxf4 Qxh4+ 22. Kg1 g3 23. Nf1 Qxf4 24. Qxh5 Kg7 25. Qf3 Qxf3 26. gxf3 f5 27. exf5 Bxf5 28. Bxf5 Rxf5 29. Kg2 Raf8 30. Nd2 Nd3 31. b3 Rg5 32. Ne2 Nf4+ 33. Nxf4 Rxf4 34. Ne4 Rg6 35. Re1 Kf7 36. Rh1 Ke7 37. Rh5 Rxf3 0-1

[Event "Quebec-ch classe"]
[Site "Trois-Rivieres CAN"]
[Date "2009.10.11"]
[Round "4.3"]
[White "Bolduc, Steve"]
[Black "Lalonde, Paul"]
[Result "1-0"]
[WhiteElo "2238"]
[BlackElo "2029"]
[PlyCount "49"]
[GameId "2160767740617005"]
[EventDate "2009.10.09"]
[EventType "swiss"]
[EventRounds "5"]
[EventCountry "CAN"]
[TimeControl "6000"]

1. c4 Nf6 2. Nc3 e6 3. e4 d5 4. e5 d4 5. exf6 dxc3 6. bxc3 Qxf6 7. Nf3 Bd6 8. d4 h6 9. Bd3 O-O 10. O-O b6 11. Be4 c6 12. Re1 Bb7 13. Ne5 Qe7 14. Bc2 Bxe5 15. Rxe5 Nd7 16. Qd3 Nf6 17. Qg3 Kh8 18. Bg5 hxg5 19. Qh3+ Kg8 20. Rxg5 Rfd8 21. Qh6 Kf8 22. Qh8+ Ng8 23. Rxg7 Ke8 24. Qxg8+ Qf8 25. Qh7 1-0

[Event "Quebec-ch classe"]
[Site "Trois-Rivieres CAN"]
[Date "2009.10.11"]
[Round "4.4"]
[White "Libersan, Thierry"]
[Black "Sauve, Richard"]
[Result "1-0"]
[WhiteElo "2084"]
[BlackElo "2027"]
[PlyCount "85"]
[GameId "2160767910096518"]
[EventDate "2009.10.09"]
[EventType "swiss"]
[EventRounds "5"]
[EventCountry "CAN"]

1. e4 e6 2. d4 d5 3. Nd2 Nf6 4. e5 Nfd7 5. Bd3 c5 6. c3 Nc6 7. Ne2 cxd4 8. cxd4 f6 9. exf6 Nxf6 10. O-O Bd6 11. Nf3 O-O 12. Ng3 e5 13. dxe5 Nxe5 14. Nxe5 Bxe5 15. Qb3 Kh8 16. Bg5 h6 17. Bxf6 Qxf6 18. Qxd5 Bxg3 19. fxg3 Qb6+ 20. Kh1 Be6 21. Qe4 Bg8 22. b3 Rae8 23. Rxf8 Rxf8 24. h4 Qc7 25. Kh2 Rd8 26. Rf1 b6 27. Rf3 Qd7 28. Bb1 Re8 29. Qg6 Qe7 30. Rc3 Rf8 31. Qc2 Rd8 32. Rc7 Rd7 33. Rc8 Rd8 34. Rc7 Rd7 35. Rc8 Rd8 36. Qf5 Rxc8 37. Qxc8 Qf7 38. Bd3 g6 39. Qb8 Qg7 40. Bc4 a5 41. Bxg8 Qxg8 42. Qxb6 a4 43. Qd4+ 1-0

[Event "Quebec-ch classe"]
[Site "Trois-Rivieres CAN"]
[Date "2009.10.11"]
[Round "5"]
[White "Forget, Luc"]
[Black "Sauve, Richard"]
[Result "1/2-1/2"]
[WhiteElo "1992"]
[BlackElo "2027"]
[PlyCount "96"]
[GameId "2160767910096519"]
[EventDate "2009.10.09"]
[EventType "swiss"]
[EventRounds "5"]
[EventCountry "CAN"]
[SourceTitle "EXT 2011"]
[Source "ChessBase"]
[SourceDate "2011.11.26"]
[SourceVersion "1"]
[SourceVersionDate "2011.11.26"]
[SourceQuality "1"]

1. d4 d5 2. c4 e6 3. g3 Nf6 4. Bg2 Be7 5. Nf3 O-O 6. O-O Nbd7 7. Qc2 c6 8. Nc3 dxc4 9. a4 Nd5 10. Rd1 N7f6 11. Ne5 Bd7 12. Nxc4 Rc8 13. e4 Nxc3 14. bxc3 b6 15. Ne3 Qc7 16. Bb2 Rfd8 17. c4 Be8 18. Qe2 Nd7 19. Ba3 Bxa3 20. Rxa3 Qd6 21. Raa1 Nf8 22. h4 Qe7 23. Qc2 f6 24. Qb3 Bf7 25. a5 Qc7 26. axb6 axb6 27. Ra6 Rb8 28. Qa3 Qc8 29. Bh3 Ra8 30. Rxa8 Qxa8 31. Qxa8 Rxa8 32. Rb1 Rb8 33. Kf1 Rd8 34. Rxb6 Rxd4 35. Bg2 c5 36. Rb8 e5 37. Bh3 Rxe4 38. Rc8 g6 39. Rxc5 Be6 40. Bg2 Rd4 41. Bd5 Bxd5 42. cxd5 Kf7 43. Rc7+ Ke8 44. Ke2 Nd7 45. f3 f5 46. Rc4 Rxc4 47. Nxc4 Ke7 48. Ke3 Nf6 1/2-1/2